| 000 | 00415ntaaa2200169 4500 | ||
|---|---|---|---|
| 003 | 01 | ||
| 005 | 20251027203001.0 | ||
| 008 | 0714s1973 ag 01 | ||
| 040 |
_aAR-BaBN _bspa _cAR-BaBN _eaacr _dRIC |
||
| 082 | _a982.6700 C16m | ||
| 100 |
_aCanclini, Arnoldo _938 |
||
| 245 | _aLas Malvinas | ||
| 250 | _a1 ed. | ||
| 260 |
_aBuenos Aires : _bAcademie Nacional de la Historia, _c1971 |
||
| 300 | _a46 p | ||
| 942 | _cBK | ||
| 999 |
_c25239 _d25239 |
||